Т. I. 1815-1825; Письма

Dettagli Bibliografici
Parent link:Письма/ А. С. Пушкин. Т. I. 1815-1825.— Репр. изд..— , [1989-].— 5-212-00294-X
Altri autori: Модзалевский Б. Л. Борис Львович (редактор автор предисловия)
Riassunto:Репринтное воспроизведение издания 1926 г. (Труды Пушкинского Дома Академии наук СССР)
В примечаниях к письмам даны биографические сведения о лицах, упомянутых в тексе.
Lingua:russo
Pubblicazione: [1989]
Soggetti:
Natura: Libro
KOHA link:https://koha.lib.tpu.ru/cgi-bin/koha/opac-detail.pl?biblionumber=157789

MARC

LEADER 00000nam2a2200000 4500
001 157789
005 20240914063124.0
010 |a 5212002087 
035 |a (RuTPU)RU\TPU\book\171148 
090 |a 157789 
100 |a 20090414e1989 m y0rusy50 ca 
101 0 |a rus 
102 |a RU 
105 |a y z 001ed 
200 0 |a Т. I. 1815-1825  |f под ред. и с примеч. Б. Л. Модзалевского 
210 |d [1989] 
215 |a III-XLVII, 539 с.  |d 22 см. 
300 |a Репринтное воспроизведение издания 1926 г. (Труды Пушкинского Дома Академии наук СССР) 
300 |a В примечаниях к письмам даны биографические сведения о лицах, упомянутых в тексе. 
320 |a Примечания к письмам №№ 1-192 за 1815-1825 г.: с. 175-538 
320 |a Постраничные примечания. 
461 1 |0 (RuTPU)RU\TPU\book\171122  |y 5-212-00294-X  |t Письма  |f А. С. Пушкин  |v Т. I. 1815-1825  |e Репр. изд.  |d [1989-]  |s Пушкинская библиотека 
600 1 |a Пушкин  |b А. С.  |c российский поэт  |c писатель  |f 1799-1837  |g Александр Сергеевич  |7 ca  |8 rus  |2 stltpush  |3 (RuTPU)RU\TPU\pers\1026  |9 453 
610 1 |a персоналии 
610 1 |a письма 
610 1 |a 19 век 
610 1 |a Россия 
610 1 |a история 
686 |a Ч611.68  |v LBC/SL-A  |2 rubbk 
702 1 |a Модзалевский  |b Б. Л.  |c российский историк литературы  |c архивист  |f 1874-1928  |g Борис Львович  |2 stltpush  |3 (RuTPU)RU\TPU\pers\23945  |4 340  |4 080  |9 10581 
801 1 |a RU  |b 63413507  |c 20090414  |g PSBO 
801 2 |a RU  |b 63413507  |c 20090414  |g PSBO 
942 |c BK